| 000 | 00421nam a22001577a 4500 | ||
|---|---|---|---|
| 003 | OSt | ||
| 008 | 250728b |||||||| |||| 00| 0 eng d | ||
| 082 |
_a681.7631 _bS13D |
||
| 100 | _aAnil Kumar Shaw | ||
| 245 | _aDevelopment of Battery Operated Hand Tool For Okra Harvesting | ||
| 260 |
_aPusa _bDeptt. of FMPE _c2024 |
||
| 300 | _a32p | ||
| 502 | _bB.Tech.(FMPE) | ||
| 700 | _aAnjeesh Kumar Upadhyay | ||
| 942 |
_2ddc _cT |
||
| 999 |
_c48568 _d48568 |
||